000 00377nam a22001457a 4500
999 _c8918
_d8918
003 GBCCL
005 20241126110701.0
008 220128b ||||| |||| 00| 0 eng d
040 _cgbc
082 _aSOU BYF
_b2020
245 _aBYF Kangkap golden jubilee souvenir
260 _aKangkap:
_bGolden jubilee celebration committee,
_c2020.
300 _a85p. ;
942 _2ddc
_cARCH